| 000 | 00820nam a2200253Ia 4500 | ||
|---|---|---|---|
| 005 | 20230310111312.0 | ||
| 008 | 210716s2012 xx 000 0 und d | ||
| 020 | _a9780198084068 | ||
| 040 | _cAIMIT LIBRARY | ||
| 041 | _aeng | ||
| 082 |
_a004.65 _21 _bZHEY |
||
| 100 |
_aZheng, Youlu. _974915 |
||
| 245 |
_aNetworks for computer scientists and engineers / _cBy Youlu Zheng and Shakil Akhtar. |
||
| 250 | _a1st ed. | ||
| 250 | _aIndian edition | ||
| 260 |
_aNew York : _bOxford University Press , _c2012. |
||
| 300 |
_axvi,575p. ; _c23 cm. |
||
| 650 |
_aData communications _974916 |
||
| 650 |
_aLAN technologies _974917 |
||
| 650 |
_aTCP/IP and the internet _974918 |
||
| 650 |
_aAccess and high speed networking technologies _974919 |
||
| 700 |
_aAkhtar, Shakil _974920 |
||
| 942 |
_2ddc _cBK _e1st _k004.65 ZHEY |
||
| 999 |
_c193101 _d193101 |
||